| 000 | 00788nam a22001577a 4500 | ||
|---|---|---|---|
| 999 |
_c59570 _d59570 |
||
| 005 | 20230317112713.0 | ||
| 008 | 230317c2018 ge ||||| |||| 00| 0 geo d | ||
| 022 | _a15120481 | ||
| 041 | _ageo | ||
| 245 |
_aსაქართველოს უზენაესი სასამართლოს გადაწყვეტილებანი : სამოქალაქო საქმეებზე : _b[ყოველთვიური]. სამოქალაქო საქმეებზე. ვალდებულებითი სამართალი. |
||
| 260 |
_aთბილისი, _c2018. |
||
| 300 | _av. | ||
| 653 | _a ვალდებულებითი სამართალი | ||
| 653 | _aპერიოდიკა | ||
| 942 |
_2udc _cCR |
||